LEADER 01237nam a2200265 i 4500 001 000000019077 003 CaOOAMICUS 005 20220525123817.0 008 180830s1983 it u000 u ita u 040 $aSeMil$bita 100 1 $aDe Sanctis, Francesco,$d<1817-1883>.$0(OLS)http://semarc/name/1328 245 10$aStoria della letteratura italiana /$cFrancesco De Sanctis ; introduzione di René Wellek ; note di Grazia Melli Fioravanti. 264 1$aMilano :$bRizzoli,$c1983. 300 $a2 v. (XXV, 1034 p.) ;$c18 cm. 490 1 $aBiblioteca universale Rizzoli 650 4$aDe Sanctis, Francesco <1817-1883> . Storia della letteratura italiana.$0(OLS)http://semarc/subject/52328 650 4$aLetteratura italiana - Storia.$0(OLS)http://semarc/subject/541 700 1 $aMelli Fioravanti, Grazia.$0(OLS)http://semarc/name/8536 700 1 $aWellek, René,$d<1903-1995>.$0(OLS)http://semarc/name/8477 774 0 $tVol. 1.$w()168604 774 0 $tVol. 2.$w()168606 830 0$aBiblioteca Universale Rizzoli.$0(OLS)http://semarc/title/7348 996 $6245$aStoria della letteratura italiana$9(OLS)http://semarc/title/2503 996 $6264$aMilano :$bRizzoli$9(OLS)http://semarc/publisher/29824 LEADER 01092nam a2200217 i 4500 001 000000213004 003 CaOOAMICUS 005 20120507000000.0 008 120507s1855 it u000 u ita u 013 $a191854 040 $aSeMil$bita 100 1 $aUgolini, Filippo,$d<1792-1865>.$0(OLS)http://semarc/name/37413 245 10$aVocabolario di parole e modi errati che sono comunemente in uso /$ccompilato da Filippo Ugolini ; con un saggio di Voci nuove o svecchiate del Gioberti. illustrate dal raccoglitore. 260 $aFirenze :$bBarbera, Bianchi e C.,$c1855. 300 $aXXVIII, 304 p. ;$c19 cm. 650 4$aLingua italiana - Dizionari - Opere anteriori al 1900.$0(OLS)http://semarc/subject/472 700 1 $aGioberti, Vincenzo,$d<1801-1852>.$0(OLS)http://semarc/name/555 850 $aSeMil 852 $aSeMil$W1$xVenegono$y1$m1A I 40 FA$j163434$B163434$CSeMilBibl$Z2$F174532 $8I 996 $6245$aVocabolario di parole e modi errati che sono comunemente in uso$9(OLS)http://semarc/title/307289 996 $6260$aFirenze :$bBarbera, Bianchi e C.$9(OLS)http://semarc/publisher/31714